The water & sanitation scenario in Indian metropolitan cities: resources and management in Delhi, Calcutta, Chennai, Mumbai (Record no. 495299)

000 -LEADER
fixed length control field 00645cam a22001697a 4500
008 - FIXED-LENGTH DATA ELEMENTS--GENERAL INFORMATION
fixed length control field 180718b2002 xxu||||| |||| 00| 0 eng d
020 ## - INTERNATIONAL STANDARD BOOK NUMBER
International Standard Book Number 09723579
082 ## - DEWEY DECIMAL CLASSIFICATION NUMBER
Classification number V43X54 R837
100 ## - MAIN ENTRY--PERSONAL NAME
Personal name Ruet, Joel
245 ## - TITLE STATEMENT
Title The water & sanitation scenario in Indian metropolitan cities: resources and management in Delhi, Calcutta, Chennai, Mumbai
Statement of responsibility, etc. by Joel Ruet, V.S. Saravanan and Mari-Helene Zerath
260 ## - PUBLICATION, DISTRIBUTION, ETC.
Place of publication, distribution, etc. New Delhi
Name of publisher, distributor, etc. French Research Institutes
Date of publication, distribution, etc. 2002
300 ## - PHYSICAL DESCRIPTION
Extent 167p.
650 ## - SUBJECT ADDED ENTRY--TOPICAL TERM
Topical term or geographic name entry element Sanitation --India --Case studies.
650 ## - SUBJECT ADDED ENTRY--TOPICAL TERM
Topical term or geographic name entry element Municipal water supply --India --Case studies
700 ## - ADDED ENTRY--PERSONAL NAME
Personal name Zerath, Mari-Helene
700 ## - ADDED ENTRY--PERSONAL NAME
Personal name Saravanan, V.S.
Holdings
Withdrawn status Lost status Damaged status Not for loan Permanent Location Current Location Date acquired Full call number Barcode Date last seen Price effective from Koha item type
        Indian Institute of Public Administration Indian Institute of Public Administration 2018-08-04 V43X54 R837 GR18076 2022-12-05 2018-08-04 GR

Powered by Koha